000 00411cam a22001457a 4500
008 180718b2002 xxu||||| |||| 00| 0 eng d
020 _a817658018X
082 _aK18x54 D53
100 _aDey, Bata K.
245 _aCrazy tales of bureaucracy and idiosyncrasy
_cby Bata K. Dey
260 _aNew Delhi
_bUppal
_c2002
300 _a157p.
650 _aPublic administration - India
650 _aBureaucracy - India
999 _c401249
_d401249